Eastern Utah Libraries Catalog: Duchesne, Heber, Roosevelt, & Vernal

Artie and the wolf moon / (Record no. 365519)

MARC details
000 -LEADER
fixed length control field 01454cam a22003858i 4500
001 - CONTROL NUMBER
control field 21431072
005 - DATE AND TIME OF LATEST TRANSACTION
control field 20210924142056.0
008 - FIXED-LENGTH DATA ELEMENTS--GENERAL INFORMATION
fixed length control field 200213s2021 mnu c 6 000 1 eng
010 ## - LIBRARY OF CONGRESS CONTROL NUMBER
LC control number 2020006443
020 ## - INTERNATIONAL STANDARD BOOK NUMBER
International Standard Book Number 9781541542488
Qualifying information (library binding)
020 ## - INTERNATIONAL STANDARD BOOK NUMBER
Cancelled/invalid ISBN 9781728417516
Qualifying information (ebook)
040 ## - CATALOGING SOURCE
Original cataloging agency DLC
Language of cataloging eng
Transcribing agency DLC
Description conventions rda
042 ## - AUTHENTICATION CODE
Authentication code lcac
-- pcc
050 00 - LIBRARY OF CONGRESS CALL NUMBER
Classification number PZ7.7.S7424
Item number Ar 2021
082 00 - DEWEY DECIMAL CLASSIFICATION NUMBER
Classification number 741.5/973
Edition number 23
092 ## - LOCALLY ASSIGNED DEWEY CALL NUMBER (OCLC)
Classification number junior graphic novel
Item number Stephens
100 1# - MAIN ENTRY--PERSONAL NAME
Personal name Stephens, Olivia,
Relator term author,
-- illustrator.
9 (RLIN) 6428468
245 10 - TITLE STATEMENT
Title Artie and the wolf moon /
Statement of responsibility, etc Olivia Stephens.
263 ## - PROJECTED PUBLICATION DATE
Projected publication date 1111
264 #1 - Production, Publication, Distribution, Manufacture, and Copyright Notice.
Place of production, publication, distribution, manufacture Minneapolis :
Name of producer, publisher, distributor, manufacturer Graphic Universe,
Date of production, publication, distribution, manufacture, or copyr [2021]
300 ## - PHYSICAL DESCRIPTION
Extent pages cm
336 ## - Content Type
Content type term text
336 ## - Content Type
Content type term still image
337 ## - Media type
Media type term unmediated
338 ## - Carrier type
Carrier type term volume
520 ## - SUMMARY, ETC.
Summary, etc "Artie Irvin is thrilled to discover she comes from a line of werewolves, but as she dives into her family history and figures out her new abilities, vampires wait in the shadows."--
521 ## - TARGET AUDIENCE NOTE
Target audience note Ages 9-14
Source Graphic Universe
521 ## - TARGET AUDIENCE NOTE
Target audience note Grades 7-9
Source Graphic Universe
650 #1 - SUBJECT ADDED ENTRY--TOPICAL TERM
Topical term or geographic name as entry element Graphic novels.
650 #1 - SUBJECT ADDED ENTRY--TOPICAL TERM
Topical term or geographic name as entry element Werewolves
Form subdivision Fiction.
9 (RLIN) 5684834
650 #1 - SUBJECT ADDED ENTRY--TOPICAL TERM
Topical term or geographic name as entry element Vampires
Form subdivision Fiction.
9 (RLIN) 5674241
655 #0 - INDEX TERM--GENRE/FORM
Genre/form data or focus term Graphic novels.
776 08 - ADDITIONAL PHYSICAL FORM ENTRY
Display text Online version:
Main entry heading Stephens, Olivia,
Title Artie and the wolf moon
Place, publisher, and date of publication Minneapolis : Graphic Universe, 2021.
International Standard Book Number 9781728417516
Record control number (DLC) 2020006444
942 ## - ADDED ENTRY ELEMENTS (KOHA)
Source of classification or shelving scheme Dewey Decimal Classification
Koha item type BOOK
Holdings
Withdrawn status Lost status Source of classification or shelving scheme Damaged status Not for loan Collection code Home library Current library Shelving location Date acquired Source of acquisition Total Checkouts Total Renewals Full call number Barcode Date last seen Date checked out Cost, replacement price Price effective from Koha item type
    Dewey Decimal Classification     Junior Graphic Novels Wasatch County Library Wasatch County Library First Floor 09/24/2021 Amazon 23 16 J GN Stephens 34301001808288 03/03/2026 07/31/2025 30.65 09/24/2021 BOOK
This project was made possible through a grant from the Institute of Museum and Library Service administered by the Utah State Library Division.

Wasatch County Library

  • 465 East 1200 South, Heber City, Utah 84032
  • Phone 435-654-1511 | Fax 435-654-6456

Hours

  • Monday - Friday 9:30 AM - 8:00 PM
  • Saturday 9:30 AM - 1:30 PM
  • Closed Sundays and Holidays